Call of Duty Mobile - En images - Statistiques

Statistiques générales
  • Ce quiz a été pris 57 fois
  • Le résultat moyen est 4 sur 9
Statistiques - réponses
Par images Hint Réponse % Correct
Carte / Site d'essais nucléaires Nuketown
93%
Quel arme le joueur est en train de poser ? Tourelle
89%
Année de sortie du jeu 2019
82%
Nombre maximum de joueurs dans le mode Alcatraz ? 40
43%
Sniper / 3 lettres Le SVD
39%
De quelle région française est inspirée cette carte ? La Normandie
34%
Monnaie du jeu Call of Duty Points
7%
Opérateur Traqueur urbain
5%
Le nom de cette arme… qui hante tout les joueurs Unité K9
2%
Aucun quiz correspondant
Distribution des résultats
% des personnes avec chaque résultat
Percentile par nombre de réponses
Votre historique - résultats
Vous n’avez pas pris ce quiz